| 000 | 00748nam a2200253 i 4500 | ||
|---|---|---|---|
| 001 | 140855 | ||
| 003 | ES-MaACL | ||
| 005 | 20240409180030.0 | ||
| 007 | t| | ||
| 008 | 070918s1989 sp ||||1| spa d | ||
| 020 | _a84-376-0850-3 | ||
| 080 | _a821.134.2 | ||
| 100 | 1 |
_aEchegaray, José, _d1832-1916 _946526 |
|
| 245 | 1 | 3 |
_aEl gran Galeoto / _cJosé Echegaray ; edición de James H. Hoddie. |
| 260 |
_aMadrid : _bCátedra, _c[1989] |
||
| 300 |
_a265 p. ; _c18 cm. |
||
| 490 | 1 |
_aLetras Hispánicas ; _v305 |
|
| 500 | _aBiblioteca Jacinto Martínez Lacalle. | ||
| 700 | 1 |
_aHoddie, James H. _963886 |
|
| 830 | 0 | 0 |
_aLetras hispánicas ; _v305 _9235703 |
| 852 |
_aES-MaACL _jE-12134 _bR.140047 |
||
| 942 | _2udc | ||
| 999 |
_c140855 _d140855 |
||